=LDR 00000nam 2200000 4500 =001 INLIS000000000028749 =005 20200420094104 =035 ##$$a 0010-061300000028749 =008 200420################g##########0#ind## =041 ##$$a Ind =082 ##$$a 2X3.55 =090 ##$$a 2X3.55, Dha d =100 1#$$a Asy-sya'rawi =245 1#$$a Dosa-dosa besar, /$c Prof. Dr. M.Mutawalli Asy-Sya'rawi =260 ##$$a Surabaya :$b Gema insani =300 ##$$a xii, 407 hlm, ; $c 13 x 21 cm =650 #4$$a Islam - Dosa =850 ##$$a NBPNMAT =020 ##$$a 979-561-621-8 =084 ##$$a 2X3.55 ASY d =250 ##$$a cet.1 =990 ##$$a 50710140